01008nam a2200241 a 450000100100000000500170001000800410002704000250006808200180009310000260011124500690013726000440020630000350025049000400028559000750032565000390040070000260043983000240046583000340048991000370052395201890056099900170074900003586020200930074655.0111115s1964 fr ab 000 0 fre d aDO-SdBNPbspacBNPHU a909.82bP113m1 aPacaut, Marcel96184113aLe monde contemporain 1945-1963 /cMarcel Pacaut, Paul M. Bouju. aParis :bLibrairie Armand Colin,c1964. a295 p. :bil., mapa. ;c24 cm.1 aColection UaHistoire contemporaine aPerteneció a la biblioteca personal de Juan Isidro Jimenes Grullón 4aHistoria modernay1945-198992375012aBouju, Paul M.961842 0aCollection U961843 0aHistoire contemporaine961538 aValidado. Control de calidad MFF 001050718RVaGRbGRcHDd2011-11-15iLF1l0o909.82 P113mp35860-10r2020-06-25w2020-06-25y1zPerteneció a la biblioteca personal de Juan Isidro Jimenes- GrullónZNo se presta c35351d35351